| 000 | 00612nam a2200217Ia 4500 | ||
|---|---|---|---|
| 005 | 20241216010328.0 | ||
| 008 | 180423s9999||||xx |||||||||||||| ||und|| | ||
| 082 |
_a378.1 _bA171 |
||
| 100 | _aASAMBLEA NACIONAL DE RECTORES | ||
| 245 | 0 | _aUNIVERSIDAD | |
| 250 | _a0 | ||
| 260 |
_aLIMA-PERU _bANR _c1997 |
||
| 300 |
_a246 pag. _c21 cm |
||
| 341 | _h0 | ||
| 490 |
_v0 _a0 |
||
| 505 | _aUNIVERSIDADES PUBLICAS Y PRIVADAS, CONTRIBUCION A LA EVALUACION DE LOS CURRICULOS DE LAS FACULTADES DE MEDICINA. | ||
| 541 |
_aD _bANR _d28-Oct-14 |
||
| 650 | _aCIENCIAS SOCIALES | ||
| 856 | _zHumanidades | ||
| 942 | _cLIBRO | ||
| 999 |
_c11563 _d11563 |
||